000 00924cam a22002533a 4500
001 14466
003 PGUSA
005 20140828083317.0
008 041225s2004||||xxu|||||s|||||000 | eng d
040 _aPGUSA
_beng
042 _adc
050 4 _aDT
100 1 _aWilson, Sarah Isabella Augusta, Lady,
_d1865-1929
245 1 0 _aSouth African Memories :
_bSocial, Warlike and Sporting from Diaries Written at the Time
_h[electronic resource] /
_cSarah Isabella Augusta, Lady Wilson
260 _bProject Gutenberg,
_c2004
506 _aPublic domain in the USA.
516 _aElectronic text
653 _aSouth African War, 1899-1902 -- Personal narratives
653 _aSouth Africa -- Description and travel
740 0 _aSouth African Memories Social, Warlike and Sporting from Diaries Written at the Time
830 0 _aProject Gutenberg
_v14466
856 4 0 _uhttp://www.gutenberg.org/ebooks/14466
942 _cEB
999 _c243721
_d243721